SASUKE: Shingo Yamamoto's Numbers Quiz Stats

 Plays Quiz not verified by Sporcle

Challenge
Share
Tweet
Embed
Score 0/34 Timer 01:00
0 Plays Today
Tournament Number in Tournament % Correct
SASUKE 17
100%
SASUKE 220
86.4%
SASUKE 898
81.8%
SASUKE 797
77.3%
SASUKE 998
77.3%
SASUKE 10998
77.3%
SASUKE 1198
77.3%
SASUKE 1296
77.3%
SASUKE 1376
77.3%
SASUKE 1498
77.3%
SASUKE 1595
77.3%
SASUKE 1697
77.3%
SASUKE 696
77.3%
SASUKE 598
77.3%
SASUKE 498
77.3%
SASUKE 313
77.3%
SASUKE 1798
72.7%
Tournament Number in Tournament % Correct
SASUKE 1861
72.7%
SASUKE 1981
68.2%
SASUKE 201981
68.2%
SASUKE 2231
68.2%
SASUKE 2171
63.6%
SASUKE 2393
63.6%
SASUKE 2496
50%
SASUKE 2694
45.5%
SASUKE 2590
40.9%
SASUKE 2936
40.9%
SASUKE 2781
36.4%
SASUKE 2898
36.4%
SASUKE 3192
36.4%
SASUKE 3492
33.3%
SASUKE 3299
31.8%
SASUKE 302992
31.8%
SASUKE 3391
21.4%

You're not logged in!

Compare scores with friends on all Sporcle quizzes.
Join for Free
OR
Log In

You Might Also Like...

Show Comments

Extras

Created Nov 21, 2016SourceReportNominate
Tags:sasuke

Top Quizzes Today


Score Distribution

Your Account Isn't Verified!

In order to create a playlist on Sporcle, you need to verify the email address you used during registration. Go to your Sporcle Settings to finish the process.

Report this User

Report this user for behavior that violates our Community Guidelines.

Details: